| 000 -LEADER |
| fixed length control field |
00517nam a22001817a 4500 |
| 005 - DATE & TIME |
| control field |
20251128143447.0 |
| 008 - FIXED-LENGTH DATA ELEMENTS--GENERAL INFORMATION |
| fixed length control field |
251128b xxu||||| |||| 00| 0 eng d |
| 020 ## - ISBN |
| International Standard Book Number |
9788184571103(Set) |
| 040 ## - CATALOGING SOURCE |
| Original cataloging agency |
RBU-Library |
| 041 ## - Language |
| Language |
English |
| 082 ## - DDC NUMBER |
| Classification number |
321.4 |
| Book Number |
D997 |
| 100 ## - MAIN ENTRY--PERSONAL NAME |
| Personal name |
Biju, M.R, ed. |
| 245 ## - TITLE STATEMENT |
| Title |
Dynamics of Modern Democracy: |
| Sub Title |
The Indian Expeience. |
| 260 ## - PUBLICATION, DISTRIBUTION, ETC. (IMPRINT) |
| Place of publication, distribution, etc |
New Delhi: |
| Name of publisher, distributor, etc |
Kanishka Publishers, |
| Date of publication, distribution, etc |
2009. |
| 300 ## - PHYSICAL DESCRIPTION |
| Pages |
2v (xxvii,323p.;xxvii,712p.) |
| 650 ## - Subject |
| Subject |
Democracy, India |
| 942 ## - ADDED ENTRY ELEMENTS (KOHA) |
| Koha item type |
Books |
| 100 ## - MAIN ENTRY--PERSONAL NAME |
| -- |
591 |
| 650 ## - Subject |
| -- |
592 |